Szczegóły MARC21

Teoria cen. [3] /

003 -Nazwa inst., której nr kontr. jest w polu 001 [,]
    • @
    • Nazwa instytucji, której n kontrolny jest w polu 001
    • NUKAT
005 -DATA I CZAS OSTATNIEJ MODYFIKACJI [,]
    • @
    • pole kontrolne
    • 20250717173851.0
040 -Instytucja sporządzająca opis [ , ]
    • a
    • Instytucja, która sporządziła opis (NP)
    • Ł U/BWES
    • c
    • Instytucja, która sporządziła rekord (NP)
    • Ł U/BWES
    • d
    • Instytucja, która zmodyfikowała rekord (P)
    • Ł U/AS
    • d
    • Instytucja, która zmodyfikowała rekord (P)
    • Ł U/ASs
041 -Język dokumentu [1, ]
    • a
    • Język tekstu (P)
    • polski
    • h
    • Język tekstu oryginalnego i/lub pośredniego (P)
    • angielski
942 -Rodzaj dokumentu [ , ]
    • c
    • Rodzaj dokumentu
    • Książka
100 -Hasło główne - nazwa osobowa [1, ]
    • a
    • Nazwa osobowa (NP)
    • Stigler, George J.
    • d
    • Daty biograficzne (NP)
    • (1911-1991).
    • 9
    • KHW
    • 253208
240 -Tytuł ujednolicony [1,0]
    • a
    • Tytuł ujednolicony
    • Theory of competitive price
    • l
    • Język tekstu
    • (pol.)
    • 9
    • KHW
    • 533551
245 -Strefa tytułu i oznaczenia odpowiedzialności [1,0]
    • a
    • Tytuł
    • Teoria cen. Find
    • n
    • Oznaczenie części (P)
    • [3] /
    • c
    • Pozostałe elementy strefy tytułu i oznaczenia odpowiedzialności (NP)
    • George J. Stigler ; przetł. z pierwszego wyd. ang. Edward Taylor.
250 -Strefa wydania [ , ]
    • a
    • Oznaczenie wydania (NP)
    • Wyd. w 5 zeszytach.
260 -Strefa adresu wydawniczego [ , ]
    • a
    • Miejsce wydania (P)
    • Warszawa :
    • b
    • Nazwa wydawcy (P)
    • Fundacja Naukowa Taylora,
    • c
    • Data wydania (P)
    • [ca 1990].
300 -Strefa opisu fizycznego [ , ]
    • a
    • Określenie formy książki i/lub objętość (NP)
    • S. [11], 146-242 :
    • b
    • Oznaczenie ilustracji (NP)
    • il. ;
    • c
    • Format (NP)
    • 21 cm.
336 -Typ zawartości [ , ]
    • a
    • Termin opisujący typ zawartości
    • Tekst
    • b
    • Kod określający zawartość
    • txt
    • 2
    • Źródło (terminu i kodu)
    • rdacontent
337 -Typ mediów [ , ]
    • a
    • Tryb odtwarzania
    • Bez urządzenia pośredniczącego
    • b
    • Kod typu mediów
    • n
    • 2
    • Źródło (terminu i kodu)
    • rdamedia
338 -Typ/rodzaj nośnika [ , ]
    • a
    • Hasło opisujące typ nośnika
    • Wolumin
    • b
    • Kod typu nośnika
    • nc
    • 2
    • Źródło (terminu i kodu)
    • rdacarrier
490 -Strefa serii i książki wielotomowej - forma nie do wyszukiwania [1, ]
    • a
    • Tytuł (P)
    • Zeszyty Studenckie / Fundacja Naukowa Taylora ; Find
    • v
    • Numeracja (P)
    • nr 8
830 -Hasło dodatkowe serii i opisu książki wielotomowej - tytuł ujednolicony/tytuł [ ,0]
    • a
    • Tytuł ujednolicony/tytuł (NP)
    • Zeszyty Studenckie - Fundacja Naukowa Taylora (Warszawa)
    • v
    • Oznaczenie tomu (NP)
    • nr 8
    • 9
    • KHW
    • 533550
500 -Uwaga ogólna [ , ]
    • a
    • Uwaga ogólna (NP)
    • Na okł. błędne imię aut. : Gorge J. Stigler.
500 -Uwaga ogólna [ , ]
    • a
    • Uwaga ogólna (NP)
    • Spis treści do całości.
080 -Uniwersalna Klasyfikacja Dziesiętna [ , ]
    • a
    • Symbol klasyfikacji
    • 338.5.01
650 -Hasło przedmiotowe [ ,7]
    • a
    • Hasło przedmiotowe
    • Ceny.
    • 2
    • Źródło terminu
    • kaba
    • 9
    • KHW
    • 104306
700 -Hasło dodatkowe - nazwa osobowa [1, ]
    • a
    • Nazwa osobowa (NP)
    • Taylor, Edward Find
    • d
    • Daty biograficzne (NP)
    • (1884-1964).
    • e
    • Określenie rodzaju współpracy
    • Tł.
    • 9
    • KHW
    • 254548
Data inwentaryzacji Lokalizacja Numer inwentarzowy Status udost.
1999-03-22BES.733302
1999-03-22BES.733322
1999-03-22BES.733332
1999-03-22BES.733342
1999-03-22BES.733352
1999-03-22BES.733362
1999-03-22BEE.60496-2
1999-03-22BES.73331-3
1999-03-22BES.73337-11
1999-03-22TTS.73338-11
1999-03-22TTS.73339-11